All Countries in a Given Region or Union #3 - Statistics

General Stats
  • This quiz has been taken 17 times
  • The average score is 30 of 37
Answer Stats
Hint Answer % Correct
Middle Africa* Chad
100%
Middle Africa* Democratic Republic of the Congo
100%
Scandinavia Denmark
100%
Scandinavia Finland
100%
G7 France
100%
Scandinavia Iceland
100%
G7 Italy
100%
Scandinavia Norway
100%
Scandinavia Sweden
100%
G7 United States of America
100%
Middle Africa* Central African Republic
93%
G7 Germany
93%
G7 United Kingdom
93%
Pampas Argentina
87%
Middle Africa* Gabon
87%
South Asia* India
87%
G7 Japan
87%
Middle Africa* Republic of the Congo
87%
Pampas Brazil
80%
G7 Canada
80%
Pacific Alliance Chile
80%
South Asia* Nepal
80%
South Asia* Pakistan
80%
South Asia* Sri Lanka
80%
South Asia* Afghanistan
73%
Middle Africa* Angola
73%
South Asia* Bangladesh
73%
South Asia* Bhutan
73%
Middle Africa* Cameroon
73%
Pampas Uruguay
73%
Middle Africa* Equatorial Guinea
67%
Pacific Alliance Colombia
60%
South Asia* Iran
60%
Pacific Alliance Mexico
60%
Pacific Alliance Peru
60%
South Asia* Maldives
53%
Middle Africa* São Tomé and Principe
53%
No matching quizzes found
Score Distribution
Percent of People with Each Score
Percentile by Number Answered
Your Score History
You have not taken this quiz